<?xml version="1.0" encoding="UTF-8"?>
<collection xmlns:xsi="http://www.w3.org/2001/XMLSchema-instance" xsi:schemaLocation="http://www.loc.gov/MARC21/slim http://www.loc.gov/standards/marcxml/schema/MARC21slim.xsd" xmlns="http://www.loc.gov/MARC21/slim">
 <record>
  <leader>00000ctm a22000004a 4500</leader>
  <controlfield tag="001">UP-99796217613576948</controlfield>
  <controlfield tag="003">Buklod</controlfield>
  <controlfield tag="005">20210117041825.0</controlfield>
  <controlfield tag="006">m     o  j        </controlfield>
  <controlfield tag="007">ta</controlfield>
  <controlfield tag="008">080209s1998    xx      r    |000 u|eng d</controlfield>
  <datafield tag="035" ind1=" " ind2=" ">
   <subfield code="a">(iLib)UPD-00522070845</subfield>
  </datafield>
  <datafield tag="040" ind1=" " ind2=" ">
   <subfield code="a">DML</subfield>
  </datafield>
  <datafield tag="041" ind1="0" ind2=" ">
   <subfield code="a">eng</subfield>
  </datafield>
  <datafield tag="042" ind1=" " ind2=" ">
   <subfield code="a">DMLUC</subfield>
  </datafield>
  <datafield tag="090" ind1=" " ind2=" ">
   <subfield code="a">LG 995 1998 L4</subfield>
   <subfield code="b">V54</subfield>
  </datafield>
  <datafield tag="100" ind1="1" ind2=" ">
   <subfield code="a">Villaflor, Marie Antoinette D.</subfield>
   <subfield code="e">author.</subfield>
  </datafield>
  <datafield tag="245" ind1="1" ind2="2">
   <subfield code="a">A citation analysis of the University of the Philippines College of Science theses and dissertations (1990-1995)</subfield>
   <subfield code="c">Marie Antoinette D. Villaflor ; Leticia B. Dizon, adviser ; Rodolfo Y. Tarlit, reader.</subfield>
  </datafield>
  <datafield tag="264" ind1=" " ind2="1">
   <subfield code="a">Quezon City</subfield>
   <subfield code="b">Institute of Library Science, University of the Philippines Diliman</subfield>
   <subfield code="c">1998.</subfield>
  </datafield>
  <datafield tag="300" ind1=" " ind2=" ">
   <subfield code="a">x, 69 leaves</subfield>
  </datafield>
  <datafield tag="500" ind1=" " ind2=" ">
   <subfield code="a">Computer print out.</subfield>
  </datafield>
  <datafield tag="500" ind1=" " ind2=" ">
   <subfield code="a">Vita.</subfield>
  </datafield>
  <datafield tag="502" ind1=" " ind2=" ">
   <subfield code="a">Special Problem (Master of Library Science)</subfield>
   <subfield code="c">University of the Philippines Diliman</subfield>
   <subfield code="d">October 1998.</subfield>
  </datafield>
  <datafield tag="520" ind1="3" ind2=" ">
   <subfield code="a">This broad-based citation study in the sciences investigates patterns of citations in 205 theses and dissertations submitted to the University of the Philippines College of Science in the years 1990-1995. The study involves 6,424 citations.</subfield>
  </datafield>
  <datafield tag="520" ind1="3" ind2=" ">
   <subfield code="a">Results show that almost 66.86 percent of citations were to journal articles, 20.39 percent were to books, 4.48 percent were to conference proceedings, 1.84 percent were to reference books, 3.69 percent were to theses/dissertations and 2.44 percent to reports. Citation time span is relatively long, with 15 years needed to cover 50 percent of all citations, and 35 years needed to cover 80 percent of all citations. Local materials used in citations comprised 16.87 percent while 83.13 percent of all the citations used foreign materials. The greatest number of references were 10-1 years old. Eighty percent of the references were less than 25 years old. The most cited local authors were M. Estoque and G. Trono with 23 citations each while T. Florence and D. Pauly with 11 citations each were the most cited foreign authors. Natural and Applied Science Bulletin and Monthly Weather Review were the highly cited journals. The journal written by J. de las Alas and R. Encarnacion was considered as highly cited journal article as it was cited five times. The book entitled &quot;Statistical Procedures for Agricultural Research&quot; by K. Gomez and A. Gomez was cited also five times.</subfield>
  </datafield>
  <datafield tag="520" ind1="3" ind2=" ">
   <subfield code="a">The citations analyzed in this study have shown that a broad range of publication formats is used by science researchers to fulfill their information needs. They need access to journals as they rely heavily on such bibliographic format. This indicates that they prefer information produced with adequate peer view or pre-publication evaluation such as journals. An overwhelming majority of these citations (83.13) was to foreign materials published during 1981 through 1990. This fact has implications for budgeting of acquisitions funds. Collection development managers in sciences have to maintain large amounts of their budgets to support increasing serial costs.</subfield>
  </datafield>
  <datafield tag="520" ind1="3" ind2=" ">
   <subfield code="a">The figures on the age of materials cited provide some interesting points to consider when it comes to the determination of retention and storage of library materials. The aging rate of the different literature types was the same, the majority of the references being 10 years old or less. Eighty percent of the references were less than 25 years old. This long useful life of materials demonstrates a preference for non-monographic material. This may reflect the use of obtaining current periodical references electronically. Older materials might be stored or replaced with a more compact format such as microfilm or fiche.</subfield>
  </datafield>
  <datafield tag="610" ind1="2" ind2="0">
   <subfield code="a">University of the Philippines Diliman.</subfield>
   <subfield code="b">College of Science</subfield>
   <subfield code="x">Dissertations.</subfield>
  </datafield>
  <datafield tag="650" ind1=" " ind2="0">
   <subfield code="a">Bibliographical citations.</subfield>
  </datafield>
  <datafield tag="700" ind1="1" ind2=" ">
   <subfield code="a">Dizon, Leticia B.</subfield>
   <subfield code="e">adviser.</subfield>
  </datafield>
  <datafield tag="700" ind1="1" ind2=" ">
   <subfield code="a">Tarlit, Rodolfo Y.</subfield>
   <subfield code="e">reader.</subfield>
  </datafield>
  <datafield tag="905" ind1=" " ind2=" ">
   <subfield code="a">FI</subfield>
  </datafield>
  <datafield tag="905" ind1=" " ind2=" ">
   <subfield code="a">UP</subfield>
  </datafield>
  <datafield tag="852" ind1="0" ind2=" ">
   <subfield code="a">UPD</subfield>
   <subfield code="b">DLS</subfield>
   <subfield code="h">LG 995 1998 L4 V54</subfield>
  </datafield>
  <datafield tag="942" ind1=" " ind2=" ">
   <subfield code="a">Thesis</subfield>
  </datafield>
 </record>
</collection>
